Statistics for World's Most Sparsely Populated Major Cities With Exceptions (no hints)

Click here to take the quiz!

General Stats

  • This quiz has been taken 11 times
  • The average score is 5 of 16

Answer Stats

DensityCity% Correct
1,500Melbourne
91%
1,900Sydney
91%
1,000Brisbane
64%
2,600Vancouver
64%
2,700Montreal
55%
2,600Brussels
36%
2,700Hamburg
27%
2,500Dubai
18%
2,500Essen/Düsseldorf
18%
2,500Pretoria
18%
2,600Budapest
18%
2,700Rotterdam/Hague
18%
2,100Tashkent
9%
2,500Baku
9%
2,700Abuja
9%
2,600Nagoya
0%

Score Distribution

Percentile by Number Answered

Percent of People with Each Score

Your Score History

You have not taken this quiz